000 006200000a22002410004500
020 _a8183212611
020 _a978-81-8321-261-8
050 _a010
060 _a100
082 _a630.715 SOM
100 _aSomanni, LL
245 _aExtension methodologies :for transfer of agricultural technology
250 _a1
260 _aUdaipur, Agrotech publishing academy
260 _c2012
300 _a432p
650 _aAgricultural journalism
650 _aCommunication
650 _aCyber extension
650 _aExtension programme planning
650 _aExtension teaching techniques
942 _cBK
999 _c367663
_d367663